| 000 | 00717nas a2200253 4500 | ||
|---|---|---|---|
| 001 | BR2014003532 | ||
| 003 | BR-BrBNA | ||
| 005 | 20231205124102.0 | ||
| 007 | ta | ||
| 008 | 230509b bl.|||p| |||| 00| 00por d | ||
| 040 |
_aBR-BrBNA _bpor _cBiblioteca Nacional de Agricultura |
||
| 041 | _a(Pt) | ||
| 072 | _aQ05 | ||
| 100 | 1 | _aPires, M.H. | |
| 245 | 1 | _aMolho e a valorização do prato | |
| 650 | _aMOLHO | ||
| 650 | _aINGREDIENTE | ||
| 650 | _aEMULSIFICANTE | ||
| 650 | _aPROTEÍNA | ||
| 650 | _aTECNOLOGIA DE ALIMENTO | ||
| 773 | 0 |
_tRevista Nacional da Carne (Brazil) _xISSN 1413-4837 _g(Apr 2008), v. 32(374) p. 85-87 _wBR2014003532 |
|
| 909 |
_a202311 _bLúcia _c55 _dLúcia Elande |
||
| 942 |
_2AGRIS _n0 _cANA |
||
| 999 |
_c237224 _d237224 |
||